Sztuka Cywilizacji Mezopotami - Statystyki

Ogólne statystyki
  • Ten quiz został rozwiązany 22 razy
    19 od ostatniego zresetowania
  • Średni wynik to 8 z 23
Statystyki odpowiedzi
Zagadnienie Odpowiedź % Poprawnych
Sumerowie
83%
Babilończycy
67%
Sumerowie
50%
Sumerowie
50%
Sumerowie
50%
Asyryjczycy
50%
Akadyjczycy
50%
Persowie
33%
Babilończycy
33%
Asyryjczycy
33%
Babilończycy
33%
Sumerowie
33%
Sumerowie
33%
Persowie
33%
Persowie
33%
Asyryjczycy
33%
Sumarowie
33%
Sumerowie
17%
Akadyjczycy
17%
Asyryjczycy
17%
Babilonczycy
17%
Sumerowie
17%
Babilończycy
0%
Nie znaleziono quizów pasujących do podanych kryteriów
Rozkład punktacji
Procent ludzi z każdym wynikiem
Percentyl według liczby udzielonych odpowiedzi
Twoja historia wyników
Nie rozwiązałeś tego quizu od ostatniego zresetowania